Регионална библиотека "Любен Каравелов" - Русе

The kiss (Запис номер 518633)

MARC детайли
000 -Лидер
Лидер 01726njm a2200325 a 4500
003 - Код на организацията, давaща контролен номер
Код на организацията, даваща контролен номер BLK
005 - Дата и час на последна редакция
Дата и час на последна редакция 20241007133907.0
007 - Фиксирано поле за физическо описани
Физическо описание sd ammalaaahaa
008 - Елементи от данни с фиксирана дължина
Елементи с фиксирана дължина 240822b bul||n|| |||||||| n|bulo|
028 ## - PUBLISHER NUMBER
Издателски номер LPV 142-144
Поясняваща информация (6 sides)
040 ## - Източник на каталожния запис
Код на библиотеката BLK
041 ## - Код за език
Език на записа Английски
-- Чешки
Език за КДБФ Английски
080 ## - УДК
УДК текст Опера, музикална драма - изпълнители
УДК код 782.1.071.2
УДК – определител (086.72)
УДК – код + определител 782.1.071.2(086.72)
080 ## - УДК
УДК текст Комична опера. Оперети
УДК код 82-293.2
УДК – определител (086.72)
УДК – код + определител 82-293.2(086.72)
100 1# - Редна дума - Автор
R(LIN) 24662
Автор Smetana, Bedrich
Години, свързани с автора 1824 - 1884
245 ## - Сведения за заглавието
Заглавие The kiss
Подзаглавни данни comic opera in 2 acts
Авторска отговорност Bedrich Smetana ; Narodni Divadlo Orchestr ; Narodní Divadlo Sbor. ; cond. Zdenek Chalabal.
250 ## - Област на изданието
Поредност на изданието [ausg. mit engl. Hulle]
260 ## - Област на издателските данни
Място на издаване Praha
Име на издателя Supraphon
Година на издаване 1960
9 (RLIN) 210746
300 ## - Физическа характеристика
Брой страници 3 gramof. plosci
Илюстрации 33 o/m, mono
Размер 30 см
380 ## - Жанр
Жанр Изкуство
490 ## - СЕРИИ (Колекции)
9 (RLIN) 494133
Серия Artia
500 ## - Общи забележки
Обща забележка Set of 3 records, each in a separate sleeve. - Text on front covers, back covers and center labels in English<br/>Плоча 1: Act І (1) ; Act ІІ (3)<br/>Плоча 2: Act І (2) ; Act ІІ (2)<br/>Плоча 3: Act І (3) ; Act І (4) Act ІІ (1)
511 ## - Забележка за участници или изпълнители
Забележка за участници Baritone Vocals – P. Koci ; Bass Vocals – K. Kalas, Vl. Jedenctík ; Contralto Vocals – M. Krasova ; Soprano Vocals – Ludmila Cervinkova, S. Petrova ; Tenor Vocals – Beno Blachut ; Soloists And Orchestra Of The Prague National Theatre
650 #0 - Допълнително описание по предмет – тема
9 (RLIN) 315976
Предметна рубрика Опера, комична
700 ## - Други автори (авторска отговорност)
9 (RLIN) 495079
Друг автор Chalabala, Zdenek
710 ## - Име на организация или юридическо лице като допълнителен термин за търсене
9 (RLIN) 495142
Друг колективен автор Chorus and Orchestra of the Prague National Theatre
852 ## - Местоположение
Сигнатура (форматна) Ф ІІ 2227
Отдел Хранилище
942 ## - АРТИКУЛИ
Вид на библиотечния документ Грамофонни плочи
Скрит в OPAC Не
944 ## - СЪЗДАВАНЕ И РЕДАКЦИЯ на ЗАПИСА
Дата на регистрацията/редакция Севдалина Тодорова
Служител, извършил регистрацията/редакцията 30540
Статус, дата на статуса Севдалина Тодорова
Създаване/Редакция
999 ## - СИСТЕМНИ КОНТРОЛНИ НОМЕРА
Koha biblionumber 518633
Koha biblioitemnumber 518633
Наличности
Код за отписване Код за изгубен артикул Източник на класификационната схема Код за повреда Коз за рестрикции Код за отдаване Артикулен № Име на библиотеката - собственик Име на библиотеката, в която се намира в момента Статус (Текущо местоположение) Дата на вписване в системата Местоположение - отдел Цена в лева Номерация (Хронология) Инвентарен номер Систематично азбучна сигнатура Баркод Цена в евро Служебен тип на артикула
  Не е изгубен Universal Decimal Classification Не е повреден само за читалня ползва се в читалня 950924 Регионална библиотека "Любен Каравелов" Русе Регионална библиотека "Любен Каравелов" Русе Хранилище 2024-10-07 Основен фонд - ползва се само за читалня 4.50 Плоча 1 5906 Ф ІІ 2227 900000108064 2.30 Грамофонни плочи
  Не е изгубен Universal Decimal Classification Не е повреден само за читалня ползва се в читалня 950925 Регионална библиотека "Любен Каравелов" Русе Регионална библиотека "Любен Каравелов" Русе Хранилище 2024-10-07 Основен фонд - ползва се само за читалня 4.50 Плоча 2 5907 Ф ІІ 2227 900000108065 2.30 Грамофонни плочи
  Не е изгубен Universal Decimal Classification Не е повреден само за читалня ползва се в читалня 950926 Регионална библиотека "Любен Каравелов" Русе Регионална библиотека "Любен Каравелов" Русе Хранилище 2024-10-07 Основен фонд - ползва се само за читалня 4.50 Плоча 3 5908 Ф ІІ 2227 900000108066 2.30 Грамофонни плочи
Vip Innovations Ltd, Rousse, Bulgaria 2025